000 01276nam a22001577a 4500
999 _c521085
_d521085
008 221214b ||||| |||| 00| 0 eng d
100 _aDash, Satya Prakash
_936216
245 _aPoverty elimination in china by 2020: Bringing a transformation
260 _aIndian Journal of Public Administration
300 _a68(4), Dec, 2022: p.572-584
520 _aPoverty is a challenge in the development and growth of a nation and hence a social and economic phenomenon. Elimination of poverty is a primary goal, and policies towards this are framed, but its success rate generally falls below the targeted goals. China is probably the only country that has eliminated ‘absolute poverty’ in 2020, by specifically implementing a targeted policy for elimination of poverty. The policy adopted by China may be replicated by other countries for similar positive results. The article analyses the specific policies for poverty elimination in China, giving some actual results from the field. It also makes a historical exploration of the poverty policies by China. – Reproduced
650 _a Poverty elimination, Rural poverty, Urban poverty, Development, Targeted policy.
_934318
773 _aIndian Journal of Public Administration
906 _aPOVERTY
942 _cAR